000 00452cam a2200181u 4500
001 9206483
005 20180131050402.0
008 821202s1927 enkac 000 0 eng
010 _a 27013020
040 _aDLC
_cCarP
_dDLC
041 _aeng
080 _a33 GRE
100 1 _a52
101 _aECO
245 1 0 _aLondon essays in economics: in honour of Edwin Cannan.
906 _a0
_bcbc
_cpremunv
_du
_encip
_f19
_gy-gencatlg
942 _2ddc
_cBK
999 _c41361
_d41361